| 000 | 00523cam a22001698i 4500 | ||
|---|---|---|---|
| 005 | 20250901165410.0 | ||
| 008 | 170615s2017 vau b 001 0 eng | ||
| 010 | _a 2017026437 | ||
| 020 | _a9781416624646 (pbk.) | ||
| 020 | _z9781416624653 (PDF e-book) | ||
| 050 | 0 | 0 |
_aLB1029.P67 .R46 2017 _bR43 2017 |
| 082 | 0 | 0 |
_a371.39 _223 |
| 100 | 1 |
_aRenwick, Matt, _eauthor. |
|
| 245 | 1 | 0 |
_aDigital portfolios in the classroom : _bshowcasing and assessing student work / _cMatt Renwick. |
| 300 |
_a170 pages ; _c23 cm |
||
| 942 | _2ddc | ||
| 999 |
_c3316 _d3316 |
||